000 004770000a22001810004500
003 MACL
005 20150708143713.0
008 150708b xxu||||| |||| 00| 0 eng d
040 _aMACL
_cMACL
041 _aEnglish
082 _a305/BHA
100 _aBhardwaj Ramesh
_91436
245 _aVajrasuci Of Asvaghosa
_bThe Concept Of Varna Jati Through The Ages
260 _bVidyanidhi Prakashan
_c2007
_aDelhi
350 _a375
650 _aSociology
_919
942 _cBK
_k305
_2ddc
999 _c1873
_d1873